Billie Eilish - Lost Cause Lyrics - Statistics

General Stats
  • This quiz has been taken 182 times
  • The average score is 254 of 308
Answer Stats
Answer % Correct
I
100%
a
99%
no
99%
You
99%
you
99%
you?
99%
last
98%
but
97%
But
97%
on
95%
I'm
94%
the
94%
was
94%
were
94%
for
93%
in
93%
so
93%
So
93%
(so
93%
Like
92%
like
92%
me
92%
that
92%
an
91%
care
91%
care?
91%
cause
91%
don't
91%
Don't
91%
lost
91%
now
91%
even
89%
time
89%
air
88%
right
88%
nothin'
87%
nothing
87%
of
87%
and
86%
And
86%
losing
86%
maybe
86%
Maybe
86%
that's
86%
track
86%
weren't
86%
day
85%
Did
85%
did
85%
Something's
85%
there
85%
waitin'
85%
really
84%
fine
83%
your
82%
flowers
81%
it
81%
you're
80%
be
79%
got
79%
know
79%
to
79%
wrong
79%
ain't
78%
by
78%
job
78%
left
78%
think
78%
(think
78%
didn't
77%
if
77%
once
76%
stairs
75%
them
75%
wish
75%
Wish
75%
shower
74%
such
74%
Thought
74%
all
72%
sent
72%
had
71%
mind
71%
this
71%
Could
69%
easy
69%
easy)
69%
outlaw
69%
outlaw)
69%
would
69%
aware
68%
damn
68%
mine
68%
proved
68%
anywhere
67%
just
67%
shi*
67%
used
67%
Someone
65%
always
64%
before
64%
together
64%
'bout
63%
Gave
63%
hours
63%
thinkin'
63%
yourself
63%
find
62%
ran
62%
realized
61%
shy
60%
way
60%
gone
59%
wondered
59%
would've
56%
eventually
55%
You'd
53%
been
51%
tell
46%
What
46%
grown
44%
It's
44%
mm
44%
mm-mm-mm
44%
(yeah)
44%
get
43%
complacent
29%
face
26%
staw
8%
No matching quizzes found
Score Distribution
Percent of People with Each Score
Percentile by Number Answered
Your Score History
You have not taken this quiz